000 00292nam a22001337a 4500
008 171030b xxu||||| |||| 00| 0 eng d
020 _a9780256173291
041 _aeng
080 _25 ED
_a336
100 _a56
101 _aFIN
245 _aPUBLIC FINANCE
_cROSEN.H.S
942 _2udc
_cBK
999 _c36335
_d36335